000 02369nam0a2200397 i 4500
001 RU\NLR\BIBL_A\011203913
005 20240921173408.0
010 _a9785701407143
_9100
021 _aRU
_b2016-63634
_94055
035 _a(NILC)RuMoRGB-008579128
035 _a(NLR Aleph) 011203913
090 _a11938843
_c11938843
100 _a20160902d2015 u y0rusy50 ca
101 0 _arus
102 _aRU
105 _aa|||j|||000yy
200 1 _aОсновы потребительских знаний
_eучебное пособие
_eдля обучения студентов высших учебных заведений по направлению подготовки "Сервис"
_fЛ.Б. Нюренбергер, А.Е. Архипов, Н.А. Лучина, Э.Н. Климова
_g[под общ. ред. Л.Б. Нюренбергер]
_gМ-во образования и науки Российской Федерации, Новосибирский гос. ун-т экономики и упр. "НИНХ"
210 _aНовосибирск
_cНИНХ
_d2015
215 _a110 с.
_cил., табл.
_d20
300 _aНа 110-й с. авт.: Нюренбергер Лариса Борисовна - д.э.н., проф., Архипов Анатолий Евгеньевич - д.э.н., доц., Лучина Наталья Александровна - к.т.н., доц., Климова Эльвира Николаевна - к.э.н.
320 _aБиблиогр.: с. 107-109
606 1 _aРынки потребительские
_jУчебные издания для высших учебных заведений
_92117333
_3RU\NLR\AUTH\661278963
610 0 _aпотребитель
610 0 _aпотребительские свойства товаров
610 0 _aтоварная информация
675 _a339.3
686 1 _aУ42(2)1-361я73
701 1 _aНюренбергер
_bЛ. Б.
_gЛариса Борисовна
_4070
_4340
701 1 _aАрхипов
_bА. Е.
_gАнатолий Евгеньевич
701 1 _aЛучина
_bН. А.
_gНаталья Александровна
701 1 _aКлимова
_bЭ. Н.
_gЭльвира Николаевна
801 0 _aRU
_bРГБ
_c20160815
_gRCR
942 _cBOOK
980 _aNBR